El faro del fin del mundo

Αποθηκεύτηκε σε:
Λεπτομέρειες βιβλιογραφικής εγγραφής
Κύριος συγγραφέας: Verne, Julio (Συγγραφέας)
Μορφή: Βιβλίο
Γλώσσα:Ισπανικά
Έκδοση: Santiago Colicheuque 1985
Σειρά:Biblioteca Básica Universal
Θέματα:
Ετικέτες: Προσθήκη ετικέτας
Δεν υπάρχουν, Καταχωρήστε ετικέτα πρώτοι!

MARC

LEADER 00000nam a2200000 a 4500
001 UCH6038
003 CL-VaPUC
008 091109e19850000CL |||||||||||||||||spa|d
082 0 4 |a 843  |b VER  |2 21 
100 0 |a Verne, Julio  |e author  |9 542426 
245 1 3 |a El faro del fin del mundo 
300 |a 80 p 
942 |c BK 
945 |d 20091109 00:00:00  |a ccalabra 
260 |a Santiago  |b Colicheuque  |c 1985 
650 0 |a Literatura  |9 259151 
650 0 |a Literatura francesa  |9 266330 
650 0 |a Novela francesa  |9 264985 
650 0 |a Escritores franceses   |9 450149 
650 0 |a Ficción   |9 376687 
650 0 |a Lectura  |9 307634 
651 0 |a Francia  |9 255157 
583 |a last modification  |c 20091109 00:00:00  |k Rodrigo Vera 
490 0 |a Biblioteca Básica Universal 
999 |c 337012  |d 337010